000 00261nam a2200109Ia 4500
008 230320s9999||||xx |||||||||||||| ||spa||
082 _a250/N55
100 _aNiedermeyer, Albert
245 0 _aCompendio De Higiene Pastoral.
260 _bHerder
942 _80
_cLIB
999 _c27387
_d27387